=LDR 00000nam 2200000 4500 =001 INLIS000000000036072 =005 20130612141858 =008 ***********************************Ind** =035 ##$$0010-061300000036072 =041 ##$$a Ind =082 ##$$a 028.5 =090 ##$$a 028.5, Sud s =100 ##$$a Sudana, Antonius Ari =245 ##$$a Surat newton buat kamu, Grr aku berenergi, Antonius Ari Sudana =260 ##$$a 2009 $b Jakarta =300 ##$$a 32 hlm, ilus, 21 cm =650 ##$$a Bacaan anak-anak =850 ##$$a NBPNMAT =990 ##$$a 0001/BPAP-NTB/2015